000 00509nam a2200169Ia 4500
008 240729s9999 xx 000 0 und d
022 _a2673-9941
245 0 _aSolar
260 _aSwitzerland
260 _bMDPI AG
650 _a Electrical engineering. Electronics. Nuclear engineering
650 _a Production of electric energy or power. Powerplants. Central stations
650 _aTechnology
856 _uhttps://doaj.org/toc/6b8b613c2fcd475b825a1ffd0cdf8e72
942 _2ddc
942 _cDOAJEJ
999 _c71833
_d71833
945 _a1
_bMadushi Gamage
_c1
_dMadushi Gamage